00291nam a2200133Ia 45000030006000000080041000060400015000471000017000622450029000792500011001082600009001195460012001280050017001400STCL150530s9999 xx 000 0 und d aSTCLcSTCL aHadley, A.T. aMoral Basis of Democracy aSecond c1920 aEnglish20220125165446.0